Stock returns and output growth in emerging and advanced economies

Gespeichert in:
Bibliographische Detailangaben
1. Verfasser: Mauro, Paolo
Format: Buch
Sprache:Englisch
Veröffentlicht: Washington International Monetary Fund 2000
Schriftenreihe:IMF Working Paper WP/00/89
Schlagworte:
Tags: Tag hinzufügen
Keine Tags, Fügen Sie das erste Tag hinzu!

MARC

LEADER 00000nam a2200000 4500
001 c124255
005 20221221083659.8
041 0 |a eng 
044 |a US 
245 1 0 |a Stock returns and output growth in emerging and advanced economies  |c Paolo Mauro 
264 1 |a Washington  |b International Monetary Fund  |c 2000 
300 |a 34 s. 
490 1 |a IMF Working Paper  |v WP/00/89 
830 0 |a IMF Working Paper  |v WP/00/89 
610 2 0 |a akcie 
610 2 0 |a akcionári 
610 2 0 |a rast produktivity práce 
610 2 0 |a krajiny rozvojové 
610 2 0 |a krajiny vyspelé 
100 1 |a Mauro, Paolo